000 00992nam a2200289 i 4500
003 DO-SdBNP
005 20250813144343.0
007 ta
008 250813b2025 dr ac||| |||| 00| 0 spa d
020 _a9789945291995
040 _aDO-SdBNP
_bspa
_cBNPHU
_erda
041 _aspa
082 4 _axxx
_bG913p
_222
100 _aGuante, Rolando,
_eautor
_4aut.
_988505
245 1 0 _aPioneros y proezas de dominicanos en grnades ligas /
_cRolando Guante, Kevin Cabral ; corrección, Mario Díaz ; prólogo, Vitelio Mejía Ortiz
250 _aPrimera edición
264 1 _aSanto Domingo :
_bAmigo del Hogar,
_c2025.
300 _a231 páginas :
_bilustraciones, retratos ;
_c23 cm.
336 _atexto
_btxt
_2rdacontent
337 _asin mediación
_bn
_2rdamedia
338 _avolumen
_bnc
_2rdacarrier
590 _aInventariado, 2025/BT
700 1 _aCabral, Kevin,
_eautor
_4aut.
_988506
700 1 _aMejía Ortiz, Vitelio,
_eprologista
_4pr.
_987996
910 _aBtavárez
942 _2ddc
_cLBS1
999 _c59793
_d59793